Μαθηματικά : τρίτης δημοτικού : βιβλίο για το δάσκαλο
Αποθηκεύτηκε σε:
| Κύριος συγγραφέας: | |
|---|---|
| Άλλοι συγγραφείς: | , |
| Μορφή: | Βιβλίο |
| Γλώσσα: | Greek |
| Δημοσίευση: |
Αθήνα :
Ο.Ε.Δ.Β.,
[1986]
|
| Θέματα: | |
| Ετικέτες: |
Προσθήκη ετικέτας
Δεν υπάρχουν, Καταχωρήστε ετικέτα πρώτοι!
|
MARC
| LEADER | 00000nam a2200000 i 4500 | ||
|---|---|---|---|
| 001 | 1/70956 | ||
| 008 | 960717s1986 gre d | ||
| 035 | |a 1986 |c Δωρεά |l 10030806 | ||
| 040 | |a GR-MY-UA |b gre |e aacr | ||
| 041 | 0 | |a gre | |
| 082 | 0 | |a 372.73044 | |
| 100 | 1 | |a Αθανασάκης, Αρτέμης M. | |
| 245 | 1 | 0 | |a Μαθηματικά : |b τρίτης δημοτικού : βιβλίο για το δάσκαλο / |c Αρτέμης Αθανασάκης, Γιάννης Αλεξανδράκης, Γιώργος Δήμου |
| 260 | |a Αθήνα : |b Ο.Ε.Δ.Β., |c [1986] | ||
| 300 | |a 239 σ. | ||
| 500 | |a Ανω του τίτλου: Υπουργείο Εθνικής Παιδείας και Θρησκευμάτων. Παιδαγωγικό Ινστιτούτο | ||
| 650 | 0 | 0 | |a Mathematics |x Study and teaching (Elementary) |
| 650 | 0 | 0 | |a Mathematics |x Problems, exercises, etc. |
| 700 | 1 | |a Αλεξανδράκης, Γιάννης Γ. | |
| 700 | 1 | |a Δήμου, Γεώργιος Ηλ. | |
| 852 | |a INST |b RHODES |e 19960717 |h 372.73044 ΑΘΑ |p 005400002523 |q 005400002523 |t BK |y 620 | ||
| 909 | |a Ρ |b 004006 |c 1986 | ||